| 000 | 01074nam a22003017a 4500 | ||
|---|---|---|---|
| 001 | BR8704085 | ||
| 003 | BR-BrBNA | ||
| 005 | 20230928092648.0 | ||
| 007 | ta | ||
| 008 | 230509b bl.||||| |||| 00| 0 por d | ||
| 040 |
_aBR-BrBNA _bpor _cBiblioteca Nacional de Agricultura |
||
| 041 | _a(Por) | ||
| 072 |
_aE14 _b/G514 |
||
| 090 | _ E14 BR8704085 | ||
| 100 | 1 | _aAraujo Filho, A.A. | |
| 100 | 1 | _aTimbo Filho, C. de P. | |
| 100 | 1 | _aLima, V. de P.M.S. | |
| 110 | 1 |
_aBanco do Nordeste do Brasil S.A., Fortaleza, CE (Brasil). Escritorio Tecnico de Estudos Economicos do Nordeste _91146 |
|
| 245 | 1 | _aPrograma de desenvolvimento de areas integradas do Nordeste (redacao preliminar para discussao)grupo 3 - avaliacao, revisao e fortalecimento dos programas especiais | |
| 260 | 3 |
_aFortaleza, CE (Brasil): _c1983. |
|
| 300 | _a43 p. | ||
| 500 | _a5 tables; map, 12 x 14 cm.; map, 13 x 18 cm.; map, 15 x 18 cm | ||
| 650 | _aPROJETO AGRICOLA | ||
| 650 | _aDESENVOLVIMENTO RURAL | ||
| 650 | _aREGIAO NORDESTE | ||
| 909 |
_a202309 _bLucia _c55 _dLucia Elande |
||
| 942 | _cBK | ||
| 999 |
_c40464 _d40464 |
||